| 000 | 01710nam a2200265 a 4500 | ||
|---|---|---|---|
| 001 | 79620 | ||
| 003 | BD-RjUL | ||
| 005 | 20220328102535.0 | ||
| 008 | 220327s1958 iq 000 0 ara d | ||
| 035 | _a(BD-RjUL)79620 | ||
| 040 |
_aNNL _bara _cBD-RjUL |
||
| 041 | _aara | ||
| 082 |
_223 _bAZT 1958 _a336.2 |
||
| 100 | 1 |
_aالعزاوى، عباس،[Azzāwī, Abbās] ʻ _d1890-1971 _9183 |
|
| 245 | 1 | 0 |
_aتاريخ الضرائب العراقية : ;; [Tārīh̲ al-ḍarāʼib al-Irāqiyaẗ] : _bمن صدر الاسلام الى آخر العهد العثمانى، ١٢هج ٦٣٣م - ١٣٣٥هج ١٩١٧م، يشمل ضرائب الاموال التجارية وضرائب المنتوجات المحلية ويعد صفحة كاشفة عن مالية العراق لمختلف العصور [min ṣadr al-Islām ilá āh̲ir al-ʻahd al-ʻUt̲mānī, 12 H-633 M : 1335 H- 1917 M : yašmul ḍarāʼib al-amwāl al-tiǧāriyaẗ wa-ḍarāʼib al-mantūǧāt al-maḥaliyaẗ wa-yuʻad ṣafḥaẗ kāšifaẗ ʻan māliyaẗ al-ʻIrāq li-muh̲talaf al-ʻuṣūr] / _cبقلم عباس العزاوى.ʻ;; Abbās al- ʻAzzāwī |
| 260 |
_aبغداد :[ Baġdād] : _bشركة التجارة والطباعة،[Šarikaẗ al-tiǧāraẗ wa-al-ṭibāʻaẗ], _c١٩٥٨.[1958]. |
||
| 300 |
_a١٤٨ص.148 p. ; _c23 cm |
||
| 500 | _aتاريخ الطبع على الغلاف: ١٩٥٩. | ||
| 500 | _aللكتاب عنوان ثان باللغة الانكليزية هذه صورته: | ||
| 500 | _aHistory of taxation in Iraq. | ||
| 500 | _aيوجد ايضا فى الفهرست الافرنجى حسب: | ||
| 500 | _aal-'Azzawi, 'Abbas. | ||
| 650 | 4 |
_aTaxation _zIraq _92081 |
|
| 942 |
_2ddc _cBK |
||
| 999 |
_c79620 _d79620 |
||